Statistics for 2016 NFL Draft

Click here to take the quiz!

General Stats

  • This quiz has been taken 1,372 times
  • The average score is 34 of 253

Answer Stats

Overall Pick Team Position School Answer % Correct
1Los AngelesQBCaliforniaJared Goff
97%
2PhiladelphiaQBNorth Dakota St.Carson Wentz
97%
3San DiegoDEOhio St.Joey Bosa
91%
5JacksonvilleCBFlorida St.Jalen Ramsey
83%
4DallasRBOhio St.Ezekiel Elliott
83%
10GiantsCBOhio St.Eli Apple
72%
15ClevelandWRBaylorCorey Coleman
56%
26DenverQBMemphisPaxton Lynch
56%
76ClevelandOTAuburnShon Coleman
55%
7San FranciscoDEOregonDeForest Buckner
54%
21HoustonWRNotre DameWill Fuller
53%
13MiamiOTOle MissLaremy Tunsil
52%
84WashingtonCBVirginia TechKendall Fuller
52%
238AtlantaWRUCLADevin Fuller
51%
34DallasOLBNotre DameJaylon Smith
49%
108Tampa BayCBNorth Carolina CentralRyan Smith
49%
89PittsburghDTSouth Carolina St.Javon Hargrave
49%
8TennesseeOTMichigan St.Jack Conklin
48%
23MinnesotaWROle MissLaquon Treadwell
47%
6BaltimoreOTNotre DameRonnie Stanley
47%
36JacksonvilleOLBUCLAMyles Jack
46%
11Tampa BayCBFloridaVernon Hargreaves
45%
17AtlantaSFloridaKeanu Neal
44%
22WashingtonWRTCUJosh Doctson
43%
139BuffaloQBOhio St.Cardale Jones
42%
37Kansas CityDTMississippi St.Chris Jones
42%
9ChicagoOLBGeorgiaLeonard Floyd
42%
60New EnglandCBAlabamaCyrus Jones
41%
52AtlantaOLBLSUDeion Jones
41%
45TennesseeRBAlabamaDerrick Henry
40%
14OaklandSWest VirginiaKarl Joseph
37%
24CincinnatiCBHoustonWilliam Jackson III
36%
216DallasRBEastern MichiganDarius Jackson
35%
47New OrleansWROhio St.Michael Thomas
34%
206Los AngelesWRSouthern MissMike Thomas
33%
19BuffaloDEClemsonShaq Lawson
33%
18IndianapolisCAlabamaRyan Kelly
33%
12New OrleansDTLouisvilleSheldon Rankins
33%
20JetsOLBOhio St.Darron Lee
32%
25PittsburghCBMiamiArtie Burns
31%
135DallasQBMississippi St.Dak Prescott
31%
43TennesseeNTPenn St.Austin Johnson
31%
40GiantsWROklahomaSterling Shepard
30%
51JetsQBPenn St.Christian Hackenberg
26%
211San FranciscoRBFloridaKelvin Taylor
25%
27Green BayDTUCLAKenny Clark
24%
29ArizonaDTOle MissRobert Nkemdiche
24%
82IndianapolisOTTexas TechLe'Raven Clark
23%
224San DiegoOGMichigan St.Donavon Clark
23%
169DetroitLBGeorgia SouthernAntwione Williams
22%
156BuffaloRBArkansasJonathan Williams
22%
85HoustonWROhio St.Braxton Miller
22%
92ArizonaCBTexas A&MBrandon Williams
22%
59Tampa BayKFlorida St.Roberto Aguayo
21%
205ArizonaCBSoutheastern LouisianaHarlan Miller
21%
31SeattleOTTexas A&MGermain Ifedi
21%
178Kansas CityCBGeorgia TechD.J. White
20%
150ChicagoRBIndianaJordan Howard
20%
215SeattleCTCUJoey Hunt
20%
38MiamiCBBaylorXavien Howard
20%
133San FranciscoCBLSURashard Robinson
19%
100OaklandQBMichigan St.Connor Cook
19%
32ClevelandDEOklahoma St.Emmanuel Ogbah
19%
46DetroitDTAlabamaA'Shawn Robinson
19%
126Kansas CityWRFloridaDemarcus Robinson
19%
55CincinnatiWRPittsburghTyler Boyd
19%
41BuffaloILBAlabamaReggie Ragland
18%
35San DiegoTEArkansasHenry Hunter
17%
30CarolinaDTLouisiana TechVernon Butler
17%
28San FranciscoGStanfordJoshua Garnett
17%
189DallasCBPurdueAnthony Brown
16%
175San DiegoOLBAkronJatavis Brown
16%
93ClevelandQBUSCCody Kessler
16%
61New OrleansFSOhio St.Vonn Bell
16%
58PittsburghCBMarylandSean Davis
16%
163Green BayWRCaliforniaTrevor Davis
16%
54MinnesotaCBClemsonMackensie Alexander
15%
171SeattleRBArkansasAlex Collins
15%
67DallasDTNebraskaMaliek Collins
15%
91New EnglandQBN.C. StateJacoby Brissett
15%
50HoustonOGNotre DameNick Martin
15%
33TennesseeDEClemsonKevin Dodd
14%
39Tampa BayDEEastern KentuckyNoah Spence
14%
73MiamiRBAlabamaKenyan Drake
13%
57IndianapolisFSClemsonT.J. Green
13%
253TennesseeDBSouthern MissKalan Reed
13%
16DetroitOTOhio St.Taylor Decker
13%
49SeattleDTAlabamaJarran Reed
13%
56ChicagoOGKansas St.Cody Whitehair
11%
81AtlantaTEStanfordAustin Hooper
11%
48Green BayOTIndianaJason Spriggs
10%
112New EnglandWRGeorgiaMalcolm Mitchell
10%
62CarolinaCBSamfordJames Bradberry
10%
53WashingtonOLBUSCSu'a Cravens
10%
65ClevelandDEPenn St.Carl Nassib
10%
90SeattleRBNotre DameC.J. Prosise
10%
44OaklandDEIllinoisJihad Ward
10%
236DetroitRBWashingtonDwayne Washington
9%
143OaklandRBTexas TechDeAndre Washington
9%
80BuffaloDTOhio St.Adolphus Washington
9%
185ChicagoFSWilliam & MaryDeAndre Houston-Carson
9%
71GiantsSBoise St.Darian Thompson
8%
83JetsOLBGeorgiaJordan Jenkins
8%
201JacksonvilleQBArkansasBrandon Allen
8%
136DenverRBUtahDevontae Booker
8%
194OaklandOLBColorado St.Cory James
8%
117Los AnglesWRSouth CarolinaPharoah Cooper
7%
42BaltimoreDEBoise St.Kamalei Correa
7%
134BaltimoreRBLouisiana TechKenneth Dixon
7%
174San FranciscoOTMississippiFahn Cooper
7%
149GiantsRBUCLAPaul Perkins
7%
228DenverPSyracuseRiley Dixon
7%
184GiantsTESouth CarolinaJerell Adams
7%
78New EnglandOGN.C. StateJoe Thuney
6%
198San DiegoFBWisconsinDerek Watt
6%
94SeattleTEOhio St.Nick Vannett
6%
75OaklandDEMichigan St.Shilique Calhoun
6%
64TennesseeSMiddle Tennessee St.Kevin Byard
6%
162Kansas CityQBStanfordKevin Hogan
6%
130BaltimoreOTNebraskaAlex Lewis
5%
131Green BayILBStanfordBlake Martinez
5%
66San DiegoCUSCMax Tuerk
5%
250ClevelandILBArizonaScooby Wright III
5%
153PhiladelphiaRBWest VirginiaWendell Smallwood
5%
69JacksonvilleDEMarylandYannick Ngakoue
5%
86MiamiWRRutgersLeonte Carroo
5%
102San DiegoILBOhio St.Joshua Perry
5%
140TennesseeWRMassachusettsTajae Sharp
5%
104BaltimoreCBTempleTavon Young
5%
182BaltimoreRBNavyKeenan Reynolds
4%
141CarolinaCBOklahomaZack Sanchez
4%
77CarolinaCBWest VirginiaDaryl Worley
4%
107BaltimoreWRCincinnatiChris Moore
4%
110Los AngelesTEWestern KentuckyTyler Higbee
4%
95DetroitCMichiganGraham Glasgow
4%
74Kansas CityCBNotre DameKeiVarae Russell
4%
63DenverDTGeorgia TechAdam Gotsis
4%
72ChicagoDTFloridaJonathan Bullard
4%
214New EnglandILBHoustonElandon Roberts
4%
103JacksonvilleDTNotre DameSheldon Day
4%
114ClevelandWRAuburnRicardo Louis
4%
199CincinnatiWRMississippiCody Core
4%
122CincinnatiNTBaylorAndrew Billings
4%
191DetroitQBMichiganJake Rudock
3%
251PhiladelphiaILBOregonJoe Walker
3%
165Kansas CityWRWest AlabamaTyreek Hill
3%
242WashingtonRBGeorgiaKeith Marshall
3%
235JetsPSam Houston St.Lac Edwards
3%
186MiamiWRTexas TechJakeem Grant
3%
180MinnesotaWRSchwabisch HallMoritz Boehringer
3%
232WashingtonILBBoston CollegeSteven Daniels
3%
233PhiladelphiaFSLSUJalen Mills
3%
172ClevelandWRColorado St.Rashard Higgins
3%
208New EnglandOLBEastern IllinoisKamu Greiger-Hall
3%
127ChicagoCBNorthern IowaDeiondre' Hall
3%
119HoustonRBSan Jose St.Tyler Ervin
3%
70BaltimoreDEBYUBronson Kaufusi
3%
99ClevelandOLBWisconsinJoe Schobert
3%
79PhiladelphiaOGOregon St.Isaac Seumalo
3%
68San FranciscoCBMississippi St.Will Redmond
3%
115AtlantaOLBMinnesotaDe'Vondre Campbell
3%
101DallasDEOklahomaCharles Tapper
3%
98DenverFSBoston CollegeJustin Simmons
3%
96New EnglandDTNebraskaVincent Valentine
3%
88Green BayOLBUtah St.Kyler Fackrell
3%
106Kansas CityCBMinnesotaEric Murray
3%
176DenverFBNebraskaAndy Janovich
2%
138ClevelandTEPrincetonSeth Devalve
2%
125IndianapolisILBFloridaAntonio Morrison
2%
200Green BayOTStanfordKyle Murphy
2%
247SeattleRBClemsonZac Brooks
2%
109GiantsOLBClemsonB.J. Goodson
2%
87CincinnatiILBUtah St.Nick Vigil
2%
164PhiladelphiaOTTCUHalapoulivaati Vaitai
2%
146BaltimoreDEGrand Valley St.Matt Judon
2%
147SeattleDTMarylandQuinton Jefferson
2%
240PhiladelphiaDEFloridaAlex McCalister
1%
212DallasSSCentral MichiganKavon Frazier
1%
213San FranciscoWRMichigan St.Aaron Burbridge
1%
111DetroitSSSouthern UtahMiles Killebrew
1%
210DetroitLSBaylorJimmy Landes
1%
209BaltimoreCBVirginiaMaurice Canady
1%
116IndianapolisDTTexasHassan Ridgeway
1%
207San FranciscoQBLouisiana TechJeff Driskel
1%
154ClevelandWRUCLAJordan Payton
1%
155IndianapolisOTNorth Dakota St.Joe Haeg
1%
118JetsCBN.C. StateJuston Burris
1%
217DallasTEBaylorRico Gathers
1%
159HoustonSWest VirginiaK.J. Dillon
1%
237New OrleansRBCaliforniaDaniel Lasco
1%
158JetsOTSouth CarolinaBrandon Shell
1%
229PittsburghWRHoustonDeMarcus Ayers
1%
157TennesseeCBSouthern UtahLeShaun Sims
1%
223MiamiQBWestern KentuckyBrandon Doughty
1%
222TennesseeOLBUCLAAaron Wallace
1%
145San FranciscoOTGeorgiaJohn Theus
1%
219DenverSArizonaWill Parks
1%
220PittsburghOLBWashingtonTravis Feeney
1%
160MinnesotaOLBMissoruiKentrell Brothers
1%
161CincinnatiOGArizona StateChristian Westerman
1%
202DetroitDTPenn St.Anthony Zettel
1%
129ClevelandFSTCUDerrick Kindred
1%
244MinnesotaSClemsonJayron Kearse
1%
128ArizonaCMissouriEvan Boehm
1%
187WashingtonQBIndianaNate Sudfeld
1%
252CarolinaTEMontana St.Beau Sandland
1%
137Green BayDENorthwesternDean Lowry
1%
181JacksonvilleOLBMontanaTyrone Holmes
1%
248IndianapolisCIowaAustin Blythe
1%
246PittsburghOLBTempleTyler Matakevich
1%
142San FranciscoDEAppalachian St.Ronald Blair
1%
179San DiegoPTexas A&MDrew Kaser
1%
249San FranciscoCBWestern KentuckyPrince Charles Iworah
1%
188MinnesotaTEUTSADavid Morgan
1%
196PhiladelphiaCBAuburnBlake Countess
1%
190Los AngelesILBKentuckyJosh Forrest
1%
197Tampa BayFBNorthwesternDan Vitale
1%
121MinnesotaOTWestern MichiganWillie Beavers
1%
167ArizonaSSMidwestern St.Marqui Christian
1%
195AtlantaOGSan Jose St.Wes Schweitzer
1%
123PittsburghOTLSUJerald Hawkins
1%
192BuffaloWRTCUKolby Listenbee
1%
120New OrleansDTManitoba (Canada)David Onyemata
1%
168ClevelandOGBaylorSpencer Drango
1%
243SeattleWRCaliforniaKenny Lawler
1%
241JetsWRClemsonCharone Peake
0%
245CincinnatiSIllinoisClayton Fejedelem
0%
239IndianapolisLBMaineTrevor Bates
0%
97SeattleOGBoise St.Rees Odhiambo
0%
234OaklandOGLSUVadal Alexander
0%
204MiamiSSPenn St.Jordan Lucas
0%
144DenverOGMissouriConnor McGovern
0%
177Los AngelesTESouth Carolina St.Temarrick Hemingway
0%
183Tampa BayOLBOklahomaDevante Bond
0%
132BaltimoreDTMichiganWillie Henry
0%
173ClevelandCBLouisiana-MonroeTrey Caldwell
0%
170ArizonaOTHarvardCole Toner
0%
152WashingtonDTTempleMatthew Ioannidis
0%
151DetroitOGWashington St.Joe Dahl
0%
166HoustonNTClemsonD.J. Reader
0%
148Tampa BayOTUCLACaleb Benenoch
0%
124ChicagoSMiamiDeon Bush
0%
193TennesseeOGArkansasSebastian Tretola
0%
225New EnglandWRArizona St.Devin Lucien
0%
226JacksonvilleDECentral ArkansasJonathan Woodard
0%
227MinnesotaOLBVanderbiltStephen Weatherly
0%
230ChicagoWRWestern MichiganDaniel Braverman
0%
105Kansas CityOGCincinnatiParker Ehringer
0%
221New EnglandOGIllinoisTed Karras
0%
203Kansas CityDEVirginia TechDadi Nicolas
0%
113ChicagoILBWest VirginiaNick Kwiatkowski
0%
218BuffaloCBUSCKevon Seymour
0%
231MiamiTEUCLAThomas Duarte
0%

Score Distribution

Percentile by Number Answered

Percent of People with Each Score

Your Score History

You have not taken this quiz